书目信息 |
| 题名: |
互联网GIS系统开发实践
|
|
| 作者: | 郭明强 , 黄颖 , 万晓明 主编 | |
| 分册: | ||
| 出版信息: | 武汉 中国地质大学出版社 2022.08 |
|
| 页数: | 118页 | |
| 开本: | 26cm | |
| 丛书名: | ||
| 单 册: | ||
| 中图分类: | P208.2 | |
| 科图分类: | ||
| 主题词: | 地理信息系统--di li xin xi xi tong | |
| 电子资源: | ||
| ISBN: | 978-7-5625-5384-7 | |
| 000 | 01227nam0 2200277 450 | |
| 001 | 95405 | |
| 005 | 20250902103313.36 | |
| 010 | @a978-7-5625-5384-7@dCNY25.00 | |
| 100 | @a20221024d2022 em y0chiy50 ea | |
| 101 | 0 | @achi |
| 102 | @aCN@b420000 | |
| 105 | @aa a 000yy | |
| 106 | @ar | |
| 200 | 1 | @a互联网GIS系统开发实践@Ahu lian wang gisxi tong kai fa shi jian@f郭明强, 黄颖, 万晓明主编 |
| 210 | @a武汉@c中国地质大学出版社@d2022.08 | |
| 215 | @a118页@c图@d26cm | |
| 300 | @a国家自然科学基金面上项目资助 国家自然科学基金青年基金资助 | |
| 320 | @a有书目 (第90页) | |
| 330 | @a本书从系统背景到需求分析, 再到系统的设计和各个功能的具体实现, 全书涵盖了互联网GIS系统开发各个阶段的关键内容。内容按照实际系统开发流程进行讲解, 循序渐进, 使读者更容易掌握知识点。同时对重点代码做了注释和讲解, 以便于读者更加轻松地学习。本书内容包括: 智慧交通系统建设背景与意义 ; 智慧交通系统需求分析 ; 智慧交通系统设计 ; 智慧交通系统功能实现 ; 智慧交通系统应用发布。 | |
| 606 | 0 | @a地理信息系统@Adi li xin xi xi tong |
| 690 | @aP208.2@v5 | |
| 701 | 0 | @a郭明强@Aguo ming qiang@4主编 |
| 701 | 0 | @a黄颖@Ahuang ying@4主编 |
| 701 | 0 | @a万晓明@Awan xiao ming@4主编 |
| 801 | 0 | @aCN@c20250909 |
| 905 | @a河南城建学院图书馆@dP208.2@eG810-2@f1 | |
| 互联网GIS系统开发实践/郭明强, 黄颖, 万晓明主编.-武汉:中国地质大学出版社,2022.08 |
| 118页:图;26cm |
| 国家自然科学基金面上项目资助 国家自然科学基金青年基金资助 |
| ISBN 978-7-5625-5384-7:CNY25.00 |
| 本书从系统背景到需求分析, 再到系统的设计和各个功能的具体实现, 全书涵盖了互联网GIS系统开发各个阶段的关键内容。内容按照实际系统开发流程进行讲解, 循序渐进, 使读者更容易掌握知识点。同时对重点代码做了注释和讲解, 以便于读者更加轻松地学习。本书内容包括: 智慧交通系统建设背景与意义 ; 智慧交通系统需求分析 ; 智慧交通系统设计 ; 智慧交通系统功能实现 ; 智慧交通系统应用发布。 |
| ● |
| 相关链接 |
|
|
|
正题名:互联网GIS系统开发实践
索取号:P208.2/G810-2
 
预约/预借
| 序号 | 登录号 | 条形码 | 馆藏地/架位号 | 状态 | 备注 |
| 1 | 1629463 | 216294631 | 自科库401/401自科库 118排1列1层/ [索取号:P208.2/G810-2] | 在馆 |